[Event "24. Copenhagen Open  (Politiken Cup)"]
[Site "Copenhagen"]
[Date "2002.07.17"]
[Round "3"]
[White "Korsgaard, Peter"]
[Black "Lonborg, Morten"]
[Result "0-1"]
[WhiteElo "1956"]
[BlackElo "2152"]
[PlyCount "48"]
[EventDate "2002.07.15"]
[EventType "swiss"]
[EventRounds "11"]
[EventCountry "DEN"]
[SourceDate "2004.01.01"]

1. Nf3 c5 2. g3 b6 3. Bg2 Bb7 4. b3 Nf6 5. Bb2 e6 6. c4 Be7 7. O-O a6 8. Nc3
O-O 9. Rc1 d6 10. e3 Nbd7 11. d4 Re8 12. Qe2 Bf8 13. Rfd1 Ra7 14. a4 Qa8 15. d5
exd5 16. cxd5 Nxd5 17. Nxd5 Bxd5 18. Ng5 Bxg2 19. Qh5 h6 20. Nxf7 Ne5 21. Nxd6
g6 22. Nxe8 gxh5 23. Nf6+ Kf7 24. Bxe5 Bg7 0-1

[Event "24. Copenhagen Open  (Politiken Cup)"]
[Site "Copenhagen"]
[Date "2002.07.17"]
[Round "3"]
[White "Kristensen, Jonas Rune"]
[Black "Grahn, Lars"]
[Result "1-0"]
[WhiteElo "1847"]
[BlackElo "2108"]
[PlyCount "81"]
[EventDate "2002.07.15"]
[EventType "swiss"]
[EventRounds "11"]
[EventCountry "DEN"]
[SourceDate "2004.01.01"]

1. d4 d5 2. c4 e6 3. Nc3 Nf6 4. cxd5 exd5 5. Bg5 c6 6. Qc2 Be7 7. e3 Nbd7 8.
Bd3 Nf8 9. Nge2 Ne6 10. Bh4 g6 11. O-O O-O 12. f3 Re8 13. Kh1 Nh5 14. Bf2 f5
15. Rad1 Bf6 16. e4 f4 17. exd5 cxd5 18. Qb3 Nc7 19. Rfe1 b6 20. Nxd5 Nxd5 21.
Bc4 Kg7 22. Bxd5 Rb8 23. Bc6 Re7 24. d5 Qd6 25. Nd4 a6 26. Rxe7+ Bxe7 27. Re1
Nf6 28. Qc4 h6 29. Ne6+ Bxe6 30. Rxe6 Qc7 31. Bd4 Rf8 32. Be5 Qa7 33. d6 Bd8
34. Qd4 Qf7 35. Bd5 Qd7 36. Qc4 b5 37. Qc5 Kh7 38. Bxf6 Bxf6 39. Qc7 Qxc7 40.
dxc7 Kg7 41. Bb7 1-0

[Event "24. Copenhagen Open  (Politiken Cup)"]
[Site "Copenhagen"]
[Date "2002.07.17"]
[Round "3"]
[White "Lauritsen, Martin Lee"]
[Black "Dogru, Latif"]
[Result "1-0"]
[WhiteElo "1517"]
[BlackElo "1224"]
[PlyCount "45"]
[EventDate "2002.07.15"]
[EventType "swiss"]
[EventRounds "11"]
[EventCountry "DEN"]
[SourceDate "2004.01.01"]

1. e4 c5 2. Nf3 d6 3. d4 cxd4 4. Nxd4 Nf6 5. Nc3 g6 6. Be3 Bg7 7. f3 Nc6 8. Qd2
O-O 9. O-O-O Bd7 10. g4 Ne5 11. h4 h5 12. gxh5 Nc6 13. hxg6 fxg6 14. Bc4+ Kh8
15. Nxc6 bxc6 16. Bh6 Rb8 17. Bxg7+ Kxg7 18. Rdg1 Nh5 19. Rxg6+ Kxg6 20. Qg5+
Kh7 21. Qxh5+ Kg7 22. Rg1+ Kf6 23. Rg6# 1-0

[Event "24. Copenhagen Open  (Politiken Cup)"]
[Site "Copenhagen"]
[Date "2002.07.17"]
[Round "3"]
[White "Laursen, Niels Norskov"]
[Black "Bekker Jensen, David"]
[Result "0-1"]
[WhiteElo "2135"]
[BlackElo "2338"]
[PlyCount "120"]
[EventDate "2002.07.15"]
[EventType "swiss"]
[EventRounds "11"]
[EventCountry "DEN"]
[SourceDate "2004.01.01"]

1. e4 c5 2. Nf3 d6 3. d4 Nf6 4. Nc3 cxd4 5. Nxd4 a6 6. Bg5 e6 7. f4 Be7 8. Qf3
Qc7 9. O-O-O Nbd7 10. g4 O-O 11. Bxf6 Bxf6 12. g5 Bxd4 13. Rxd4 b5 14. a3 Rb8
15. Be2 Rb6 16. Rhd1 Bb7 17. Qg3 e5 18. fxe5 Nxe5 19. h4 Rc8 20. R1d2 Qe7 21.
Kb1 Ba8 22. Nd1 a5 23. Ne3 g6 24. Ng4 Nxg4 25. Qxg4 Rc5 26. Qg1 Qe5 27. Bf3 b4
28. axb4 axb4 29. Qd1 b3 30. cxb3 Rcb5 31. R2d3 Kg7 32. Ra4 Bb7 33. Ka2 Qf4 34.
e5 Qxe5 35. Bxb7 Rxb7 36. Qc2 Rc5 37. Rc4 Ra7+ 38. Kb1 Qe1+ 39. Rd1 Qa5 40.
Qc3+ Qxc3 41. Rxc3 Rb5 42. Rxd6 h6 43. gxh6+ Kxh6 44. Rf6 Kh5 45. Rcf3 Kxh4 46.
R6f4+ Kh5 47. Rxf7 Rxb3 48. Rxb3 Rxf7 49. Rg3 g5 50. Ka2 g4 51. Rg1 Kh4 52. Ka3
g3 53. b4 Kh3 54. Rh1+ Kg2 55. Rd1 Kf2 56. b5 Rf4 57. b6 Rf6 58. Rb1 g2 59. b7
Ra6+ 60. Kb3 Rb6+ 0-1

[Event "24. Copenhagen Open  (Politiken Cup)"]
[Site "Copenhagen"]
[Date "2002.07.17"]
[Round "3"]
[White "Leimand, Hans Erik"]
[Black "Trarup, Jorgen"]
[Result "1-0"]
[WhiteElo "1587"]
[BlackElo "1270"]
[PlyCount "175"]
[EventDate "2002.07.15"]
[EventType "swiss"]
[EventRounds "11"]
[EventCountry "DEN"]
[SourceDate "2004.01.01"]

1. d4 Nf6 2. c4 e6 3. g3 Bb4+ 4. Bd2 Bxd2+ 5. Nxd2 O-O 6. Bg2 Nc6 7. e3 Ne7 8.
Ngf3 c6 9. O-O d5 10. b3 Qa5 11. Qc2 Rd8 12. a3 dxc4 13. Nxc4 Qh5 14. Nce5 Ng4
15. Nxg4 Qxg4 16. Ne5 Qg5 17. f4 Qf6 18. g4 g6 19. Rf3 Qg7 20. g5 Nf5 21. Rh3
f6 22. gxf6 Qxf6 23. Qf2 Bd7 24. Kh1 Be8 25. Rg1 Rac8 26. Be4 Rc7 27. Ng4 Qh8
28. Bxf5 exf5 29. Qh4 Rd6 30. Ne5 Qg7 31. b4 b5 32. Qe1 Bf7 33. Nxf7 Qxf7 34.
Rf3 Qd5 35. Rgf1 Re6 36. Qc3 Rce7 37. Kg1 Re4 38. Rc1 R7e6 39. Rg3 Kf7 40. Rh3
Kg7 41. Rg3 h5 42. Kf2 a6 43. Rc2 Kh7 44. Qd3 Qd8 45. Qf1 Qh4 46. Qh3 Qxh3 47.
Rxh3 Kg7 48. Rc3 Kf6 49. Rg3 Ke7 50. Rg1 Rd6 51. Rgc1 Ree6 52. Rc5 Kf6 53. Re5
Ke7 54. Kf3 Rxe5 55. fxe5 Re6 56. Kf4 Kf7 57. Kg5 Ke7 58. Kh6 Kf7 59. Rg1 h4
60. Kg5 Re8 61. Kxh4 Rh8+ 62. Kg3 Rh5 63. h4 g5 64. hxg5 Rxg5+ 65. Kf2 Rh5 66.
Kf3 Rh2 67. Rc1 Ra2 68. Rxc6 Rxa3 69. Rb6 Ke7 70. Kf4 Rb3 71. Rxa6 Rxb4 72.
Kxf5 Rb1 73. Ra7+ Kf8 74. Ke6 Re1 75. Rb7 Rxe3 76. Rxb5 Rh3 77. Rb8+ Kg7 78.
Ke7 Rh7 79. Kd6 Rh6+ 80. e6 Kf6 81. Rf8+ Kg7 82. Rf7+ Kg8 83. d5 Rh5 84. Kc6
Re5 85. Kd6 Re1 86. Ke7 Re5 87. d6 Rd5 88. d7 1-0

[Event "24. Copenhagen Open  (Politiken Cup)"]
[Site "Copenhagen"]
[Date "2002.07.17"]
[Round "3"]
[White "Leimand, Peter Martin"]
[Black "Rossen, Claus"]
[Result "0-1"]
[WhiteElo "2003"]
[BlackElo "2185"]
[PlyCount "68"]
[EventDate "2002.07.15"]
[EventType "swiss"]
[EventRounds "11"]
[EventCountry "DEN"]
[SourceDate "2004.01.01"]

1. e4 d6 2. Nc3 Nf6 3. f4 g6 4. Nf3 Bg7 5. d3 c5 6. g3 Nc6 7. Bg2 O-O 8. O-O
Bg4 9. h3 Bxf3 10. Qxf3 Rb8 11. Be3 Nd7 12. Rab1 Nd4 13. Qf2 b5 14. a3 a5 15.
Rfc1 b4 16. axb4 axb4 17. Ne2 e5 18. f5 Ra8 19. Nxd4 exd4 20. Bf4 Ne5 21. Rf1
Ra2 22. g4 g5 23. Bd2 Bf6 24. Qe1 b3 25. Qc1 bxc2 26. Qxc2 Qb6 27. Rf2 Rb8 28.
Bc1 Qb3 29. Bf1 Qxc2 30. Rxc2 Rb3 31. Rf2 Nxd3 32. Rf3 Nxc1 33. Rxb3 Nxb3 34.
Bc4 Ra1 0-1

[Event "24. Copenhagen Open  (Politiken Cup)"]
[Site "Copenhagen"]
[Date "2002.07.17"]
[Round "3"]
[White "Lynge, Torben"]
[Black "Hein, Jacob"]
[Result "1-0"]
[WhiteElo "1669"]
[BlackElo "1305"]
[PlyCount "85"]
[EventDate "2002.07.15"]
[EventType "swiss"]
[EventRounds "11"]
[EventCountry "DEN"]
[SourceDate "2004.01.01"]

1. e4 e5 2. Nf3 Nc6 3. Bc4 Bc5 4. d3 Qe7 5. Nc3 Nf6 6. Bg5 O-O 7. Nd5 Qd6 8.
Nxf6+ gxf6 9. Bh6 Re8 10. Nh4 f5 11. Qh5 Qf6 12. Bg5 Qg7 13. exf5 Be7 14. Bh6
Qf6 15. Nf3 Kh8 16. Bxf7 Nd4 17. Nxd4 exd4 18. Bxe8 Bb4+ 19. Kd1 d6 20. g4 Be6
21. Bg5 Qf8 22. Bg6 Bg8 23. f6 h6 24. Qxh6+ Qxh6 25. Bxh6 Bd5 26. Rg1 Bf3+ 27.
Kc1 d5 28. a3 Bf8 29. Bxf8 Rxf8 30. g5 c5 31. Kd2 b5 32. Rae1 a5 33. Re7 c4 34.
Rg3 c3+ 35. bxc3 dxc3+ 36. Kxc3 b4+ 37. axb4 axb4+ 38. Kxb4 Rb8+ 39. Kc3 d4+
40. Kd2 Bg2 41. Rg4 Kg8 42. Rh4 Bf3 43. Rg7+ 1-0

[Event "24. Copenhagen Open  (Politiken Cup)"]
[Site "Copenhagen"]
[Date "2002.07.17"]
[Round "3"]
[White "Madsen, Simon Rise"]
[Black "Sandbech, Ted"]
[Result "0-1"]
[WhiteElo "1202"]
[BlackElo "1516"]
[PlyCount "92"]
[EventDate "2002.07.15"]
[EventType "swiss"]
[EventRounds "11"]
[EventCountry "DEN"]
[SourceDate "2004.01.01"]

1. e4 d5 2. exd5 Qxd5 3. Nc3 Qa5 4. Nf3 Bg4 5. d4 c6 6. Be2 Nf6 7. O-O e6 8.
Bd2 Qc7 9. h3 Bh5 10. Re1 Be7 11. Bg5 O-O 12. Qd3 Bg6 13. Qd2 Ne4 14. Nxe4 Bxe4
15. Bf4 Qb6 16. b3 Nd7 17. Ng5 Bg6 18. Bd3 Bxd3 19. Qxd3 g6 20. Qc4 Qb4 21. Qd3
Rad8 22. Qe3 Bf6 23. c3 Qe7 24. Rad1 Nb6 25. c4 Rfe8 26. h4 e5 27. Bg3 exd4 28.
Qd2 Qd7 29. Ne4 Bg7 30. Nc5 Qc8 31. f3 Nd7 32. Ne4 c5 33. Kh2 Be5 34. Bxe5 Rxe5
35. Nf6+ Kg7 36. Nxd7 Rxe1 37. Rxe1 Qxd7 38. Qg5 Qd6+ 39. Kh1 b6 40. h5 h6 41.
Qg4 d3 42. f4 d2 43. Rd1 Qe6 44. Qh4 Qe2 45. Qxd8 Qxd1+ 46. Kh2 Qxh5+ 0-1

[Event "24. Copenhagen Open  (Politiken Cup)"]
[Site "Copenhagen"]
[Date "2002.07.17"]
[Round "3"]
[White "Mikkelsen, Nikolaj"]
[Black "Taksrud, Vidar"]
[Result "1-0"]
[WhiteElo "2120"]
[BlackElo "1888"]
[PlyCount "113"]
[EventDate "2002.07.15"]
[EventType "swiss"]
[EventRounds "11"]
[EventCountry "DEN"]
[SourceDate "2004.01.01"]

1. d4 Nf6 2. Nc3 e6 3. Bg5 d5 4. e4 dxe4 5. f3 c5 6. fxe4 cxd4 7. Bb5+ Nc6 8.
e5 dxc3 9. Bxc6+ bxc6 10. Qxd8+ Kxd8 11. exf6 Rg8 12. fxg7+ Be7 13. Rd1+ Ke8
14. Bxe7 Kxe7 15. b3 Rxg7 16. g3 Rg5 17. Nf3 Ra5 18. a4 Rd5 19. Nd4 Bb7 20. Ne2
Rxd1+ 21. Kxd1 c5 22. Rf1 Rd8+ 23. Kc1 Rd2 24. Nxc3 Rxh2 25. a5 Bc6 26. g4 Rg2
27. Rf4 e5 28. Rf5 f6 29. Rh5 Rg1+ 30. Kd2 Rh1 31. Rxh1 Bxh1 32. Ke3 Bc6 33.
Ne2 Be8 34. Ng3 Bg6 35. Kd2 Kd6 36. c4 Ke6 37. Kc3 f5 38. gxf5+ Bxf5 39. b4
cxb4+ 40. Kxb4 Bd3 41. Kc5 h6 42. a6 e4 43. Kd4 Kd7 44. Nf5 h5 45. Kd5 Kc7 46.
Kc5 Bb1 47. Kb5 Bc2 48. Kc5 Bd1 49. Ne3 h4 50. Nxd1 h3 51. Kd4 h2 52. Nf2 Kb6
53. Kxe4 Kxa6 54. Kd5 Kb6 55. Kd6 Kb7 56. c5 Kc8 57. Kc6 1-0

[Event "24. Copenhagen Open  (Politiken Cup)"]
[Site "Copenhagen"]
[Date "2002.07.17"]
[Round "3"]
[White "Moller, Arne"]
[Black "Christensen, Esben"]
[Result "0-1"]
[WhiteElo "1808"]
[BlackElo "2099"]
[PlyCount "128"]
[EventDate "2002.07.15"]
[EventType "swiss"]
[EventRounds "11"]
[EventCountry "DEN"]
[SourceDate "2004.01.01"]

1. e4 c5 2. Nf3 d6 3. d4 cxd4 4. Nxd4 Nf6 5. Nc3 e6 6. Be2 a6 7. Bf3 Be7 8. O-O
O-O 9. a4 Nbd7 10. Be3 Ne5 11. a5 Nc4 12. Qe2 Nxe3 13. Qxe3 Qc7 14. Rfd1 Nd7
15. Be2 Ne5 16. b3 Bf6 17. Ra2 Bd7 18. Nb1 Nc6 19. Nxc6 bxc6 20. Qb6 Bd8 21.
Qd4 d5 22. exd5 exd5 23. c4 Be6 24. Bf3 Rb8 25. cxd5 cxd5 26. Bxd5 Bxd5 27.
Qxd5 Rb5 28. Qd6 Rxa5 29. Rxa5 Qxa5 30. b4 Qb6 31. Nc3 h6 32. g3 Qb7 33. Nd5
Re8 34. Nf4 Be7 35. Qe5 Rc8 36. Nh5 Bf8 37. Rb1 Rc2 38. Qf4 Qb5 39. g4 Rc4 40.
Qf3 Rxb4 41. Rxb4 Qxb4 42. h4 a5 43. Nf4 Be7 44. h5 Bd6 45. Nh3 Qe1+ 46. Kg2
Qe5 47. Qd3 Qh2+ 48. Kf1 Qe5 49. Qc4 Qe6 50. Qd4 Bc7 51. Qd1 Qc4+ 52. Kg1 a4
53. Qd7 a3 54. Qc8+ Kh7 55. Qf5+ g6 56. hxg6+ Kg7 57. g5 Qc1+ 58. Kg2 Qc6+ 59.
Kf1 Qxg6 60. gxh6+ Kxh6 61. Qc8 Qd3+ 62. Kg2 a2 63. Qh8+ Qh7 64. Qf6+ Qg6+ 0-1

[Event "24. Copenhagen Open  (Politiken Cup)"]
[Site "Copenhagen"]
[Date "2002.07.17"]
[Round "3"]
[White "Moller, Frederik Oest"]
[Black "Kaaber Hansen, Jacob"]
[Result "0-1"]
[WhiteElo "1479"]
[BlackElo "2079"]
[PlyCount "48"]
[EventDate "2002.07.15"]
[EventType "swiss"]
[EventRounds "11"]
[EventCountry "DEN"]
[SourceDate "2004.01.01"]

1. e4 c5 2. Nf3 Nc6 3. d4 cxd4 4. Nxd4 g6 5. Nc3 Bg7 6. Be3 Nf6 7. Bc4 Qa5 8.
O-O O-O 9. Nb3 Qc7 10. Be2 a6 11. f4 d6 12. Qd2 b5 13. a3 Bb7 14. Bd3 Na5 15.
Nxa5 Qxa5 16. f5 Qc7 17. fxg6 fxg6 18. h3 Nd7 19. Bh6 Ne5 20. Bxg7 Kxg7 21. Qg5
Rf6 22. h4 Raf8 23. h5 Qc5+ 24. Kh1 Nxd3 0-1

[Event "24. Copenhagen Open  (Politiken Cup)"]
[Site "Copenhagen"]
[Date "2002.07.17"]
[Round "3"]
[White "Molvig, Henrik"]
[Black "Vang, Finnbjorn"]
[Result "1-0"]
[WhiteElo "2237"]
[BlackElo "1937"]
[PlyCount "129"]
[EventDate "2002.07.15"]
[EventType "swiss"]
[EventRounds "11"]
[EventCountry "DEN"]
[SourceDate "2004.01.01"]

1. d4 d5 2. c4 e6 3. Nc3 c5 4. Nf3 Nc6 5. cxd5 exd5 6. g3 Nf6 7. Bg2 Be7 8. O-O
O-O 9. Bg5 Be6 10. dxc5 Bxc5 11. Bxf6 Qxf6 12. Nxd5 Qxb2 13. Nc7 Rad8 14. Qc1
Qxc1 15. Raxc1 b6 16. Nxe6 fxe6 17. Bh3 Rd6 18. Rcd1 Rfd8 19. Rxd6 Rxd6 20. Ng5
Nd8 21. Ne4 Rd7 22. Rc1 Be7 23. e3 Kf7 24. Bf1 h6 25. Be2 Ba3 26. Rc2 Nb7 27.
Kf1 Nc5 28. Nd2 Bb4 29. Nc4 Rc7 30. a3 Ba5 31. Nxa5 bxa5 32. f4 Ke7 33. Bg4 Kd6
34. Ke2 Rb7 35. e4 Rb3 36. e5+ Kd5 37. Rd2+ Ke4 38. Rc2 Re3+ 39. Kf1 Kd4 40.
Rd2+ Ke4 41. Re2 Rxe2 42. Kxe2 g5 43. Bf3+ Kf5 44. Ke3 gxf4+ 45. gxf4 a4 46. h3
Kg6 47. Bc6 Kf5 48. Be8 a6 49. Bh5 a5 50. Be8 Na6 51. Bxa4 Kg6 52. Be8+ Kg7 53.
Kd4 Kf8 54. Bc6 Ke7 55. Bb5 Nc7 56. Kc5 Nd5 57. f5 Nf4 58. f6+ Kf7 59. Bf1 h5
60. Kd6 Nd5 61. Bc4 Nf4 62. h4 Ng6 63. Bxe6+ Kf8 64. Bf5 Nxh4 65. Be4 1-0

[Event "24. Copenhagen Open  (Politiken Cup)"]
[Site "Copenhagen"]
[Date "2002.07.17"]
[Round "3"]
[White "Mortensen, Henrik"]
[Black "Kongsted, Halfdan Christian"]
[Result "0-1"]
[WhiteElo "2053"]
[BlackElo "2224"]
[PlyCount "38"]
[EventDate "2002.07.15"]
[EventType "swiss"]
[EventRounds "11"]
[EventCountry "DEN"]
[SourceDate "2004.01.01"]

1. d4 e6 2. e4 d5 3. exd5 exd5 4. Bd3 c5 5. dxc5 Bxc5 6. Nf3 Nf6 7. Qe2+ Be6 8.
O-O O-O 9. c3 Bg4 10. Bg5 Nc6 11. Qc2 h6 12. Bf4 Bxf3 13. gxf3 Nh5 14. Bg3 Qf6
15. Nd2 Nf4 16. Bh7+ Kh8 17. Qf5 Ne2+ 18. Kg2 Qd8 19. Qh5 Kxh7 0-1

[Event "24. Copenhagen Open  (Politiken Cup)"]
[Site "Copenhagen"]
[Date "2002.07.17"]
[Round "3"]
[White "Nielsen, Jens Holm"]
[Black "Soraas, Torben"]
[Result "0-1"]
[WhiteElo "2098"]
[BlackElo "1776"]
[PlyCount "144"]
[EventDate "2002.07.15"]
[EventType "swiss"]
[EventRounds "11"]
[EventCountry "DEN"]
[SourceDate "2004.01.01"]

1. Nc3 d5 2. e4 dxe4 3. Nxe4 Nf6 4. Nxf6+ gxf6 5. d4 c6 6. Bc4 Bf5 7. c3 e6 8.
Be3 Bd6 9. Qf3 Nd7 10. g4 Bg6 11. h4 h5 12. g5 Bf5 13. Ne2 Nb6 14. Bb3 Be7 15.
Qg2 Nd5 16. Bxd5 cxd5 17. Ng3 Bg6 18. f4 Bd6 19. O-O fxg5 20. fxg5 Qc7 21. Ne2
O-O-O 22. Rac1 Kb8 23. b3 Ka8 24. Bf4 Bxf4 25. Nxf4 Bf5 26. Qf2 Qd6 27. Ng2 f6
28. gxf6 Qf8 29. Rfe1 Rg8 30. Kh2 Qd6+ 31. Re5 Qf8 32. Ne3 Qxf6 33. Nxf5 Rdf8
34. Rg1 Rxg1 35. Qxg1 exf5 36. Qg5 Qd6 37. Qg7 Qb8 38. Qh7 f4 39. Kg2 Qc8 40.
Qxh5 Rg8+ 41. Kf2 a6 42. Rg5 Re8 43. Rxd5 f3 44. Re5 Rg8 45. Rg5 Re8 46. Re5
Rg8 47. c4 Qd8 48. Re4 Qb8 49. Qe5 Qc8 50. Qe6 Qf8 51. Rg4 Rh8 52. c5 Qb8 53.
Qe5 Qc8 54. Rf4 Re8 55. Qf5 Qd8 56. Kxf3 Qa5 57. Qc2 Qe1 58. Qd3 Qh1+ 59. Kg4
Qg2+ 60. Kf5 Rf8+ 61. Ke5 Qg7+ 62. Ke4 Qg6+ 63. Ke3 Qxd3+ 64. Kxd3 Rxf4 65. d5
Rxh4 66. d6 Kb8 67. a3 Kc8 68. Kc3 Kd7 69. b4 Rh3+ 70. Kb2 Kc6 71. a4 a5 72. d7
Rd3 0-1

[Event "24. Copenhagen Open  (Politiken Cup)"]
[Site "Copenhagen"]
[Date "2002.07.17"]
[Round "3"]
[White "Nielsen, Max"]
[Black "Mortensen, Erling"]
[Result "0-1"]
[WhiteElo "2246"]
[BlackElo "2450"]
[PlyCount "78"]
[EventDate "2002.07.15"]
[EventType "swiss"]
[EventRounds "11"]
[EventCountry "DEN"]
[SourceDate "2004.01.01"]

1. e4 c5 2. Nf3 Nc6 3. d4 cxd4 4. Nxd4 e6 5. Nc3 a6 6. Nxc6 bxc6 7. Bd3 Qc7 8.
O-O d5 9. Qe2 Nf6 10. b3 Bb7 11. f4 h5 12. Bb2 Be7 13. e5 Nd7 14. Nd1 Nc5 15.
f5 Bc8 16. fxe6 Bxe6 17. Bf5 Qd7 18. Ne3 g6 19. Bxe6 Qxe6 20. c4 Ne4 21. cxd5
cxd5 22. Rad1 Bc5 23. Kh1 Bxe3 24. Qxe3 h4 25. Kg1 h3 26. g3 Rc8 27. Rc1 O-O
28. Bd4 Rxc1 29. Rxc1 Rc8 30. Rxc8+ Qxc8 31. e6 Qxe6 32. Qf4 f6 33. Qb8+ Kh7
34. Qa7+ Kh6 35. Qb8 g5 36. Qb4 Qc6 37. Qe1 Qc2 38. Qf1 Kg7 39. Bb6 g4 0-1

[Event "24. Copenhagen Open  (Politiken Cup)"]
[Site "Copenhagen"]
[Date "2002.07.17"]
[Round "3"]
[White "Nielsen, Palle"]
[Black "Hesselberg, Leif"]
[Result "1/2-1/2"]
[WhiteElo "1473"]
[BlackElo "1825"]
[PlyCount "122"]
[EventDate "2002.07.15"]
[EventType "swiss"]
[EventRounds "11"]
[EventCountry "DEN"]
[SourceDate "2004.01.01"]

1. d4 Nf6 2. c4 e6 3. Nc3 c5 4. Bg5 cxd4 5. Qxd4 Nc6 6. Qd2 Bb4 7. a3 Qa5 8.
Bxf6 gxf6 9. Rc1 Be7 10. e3 d6 11. Nb5 Qxd2+ 12. Kxd2 O-O 13. g4 Ne5 14. Be2
Bd7 15. f4 Nc6 16. Bf3 a6 17. Nc3 Na5 18. Kd3 Nb3 19. Rb1 Rac8 20. Kc2 Na5 21.
b3 b5 22. cxb5 axb5 23. Kb2 d5 24. Nge2 b4 25. axb4 Bxb4 26. Rhc1 Rb8 27. Nd4
Rfc8 28. Ra1 Nc6 29. Be2 Bc5 30. Ba6 Bxd4 31. Bxc8 Bxc3+ 32. Rxc3 Rxc8 33. Rac1
Kf8 34. h4 Ke7 35. g5 f5 36. b4 Kd6 37. Kb3 Rb8 38. Ka3 Ra8+ 39. Kb3 Rb8 40.
Ka3 Na7 41. Kb3 Rb7 42. R3c2 Bb5 43. Rd2 Nc6 44. h5 Ke7 45. Rb2 Bc4+ 46. Kc3
Na7 47. Ra1 Nb5+ 48. Kd2 Nd6 49. Ra8 Bb5 50. Rba2 Bd7 51. Kc3 Rc7+ 52. Kb3 Nc4
53. Rh8 Nxe3 54. Rxh7 Bb5 55. Ra1 d4 56. g6 Rc3+ 57. Kb2 Nc4+ 58. Kb1 Nd2+ 59.
Kb2 Nc4+ 60. Kb1 Nd2+ 61. Kb2 Nc4+ 1/2-1/2

[Event "24. Copenhagen Open  (Politiken Cup)"]
[Site "Copenhagen"]
[Date "2002.07.17"]
[Round "3"]
[White "Nilsson, Nils Specht"]
[Black "Palo, Davor"]
[Result "0-1"]
[WhiteElo "2187"]
[BlackElo "2394"]
[PlyCount "42"]
[EventDate "2002.07.15"]
[EventType "swiss"]
[EventRounds "11"]
[EventCountry "DEN"]
[SourceDate "2004.01.01"]

1. d4 Nf6 2. c4 e6 3. Nc3 Bb4 4. Qc2 c5 5. dxc5 Na6 6. a3 Bxc3+ 7. Qxc3 Nxc5 8.
f3 d5 9. cxd5 b6 10. b4 Na4 11. Qb3 b5 12. e4 a6 13. Bg5 O-O 14. f4 h6 15. h4
exd5 16. e5 hxg5 17. hxg5 Ne4 18. Rd1 Qb6 19. Rd2 Nxd2 20. Kxd2 Qd4+ 21. Bd3
Bf5 0-1

[Event "24. Copenhagen Open  (Politiken Cup)"]
[Site "Copenhagen"]
[Date "2002.07.17"]
[Round "3"]
[White "Olsen, Miriam Frida"]
[Black "Lilja, Richard"]
[Result "0-1"]
[WhiteElo "1894"]
[BlackElo "2123"]
[PlyCount "86"]
[EventDate "2002.07.15"]
[EventType "swiss"]
[EventRounds "11"]
[EventCountry "DEN"]
[SourceDate "2004.01.01"]

1. e4 d6 2. Nc3 g6 3. Bc4 Bg7 4. d3 c6 5. Be3 b5 6. Bb3 a5 7. a3 Bb7 8. f4 a4
9. Ba2 c5 10. d4 b4 11. axb4 cxb4 12. Nd5 b3 13. cxb3 Bxd5 14. exd5 Qa5+ 15.
Kf2 axb3 16. Qxb3 Nf6 17. Ne2 Na6 18. Nc3 O-O 19. Qb5 Qxb5 20. Nxb5 Nb4 21. Nc3
Ng4+ 22. Ke2 Nxe3 23. Kxe3 Nc2+ 24. Kd3 Nxa1 25. Rxa1 Rfc8 26. b3 Ra5 27. Ne2
h5 28. g3 Rca8 29. Nc3 Ra3 30. Kc4 Rc8+ 31. Kd3 Rb8 32. Re1 Kf8 33. Re2 Rb4 34.
Re4 f5 35. Re6 Bxd4 36. Ne2 Bf6 37. Nc3 Kf7 38. Re2 Bxc3 39. Kxc3 Rb5 40. Kc4
Rc5+ 41. Kd4 Rca5 42. Bb1 Rxb3 43. Ba2 Ra4# 0-1

[Event "24. Copenhagen Open  (Politiken Cup)"]
[Site "Copenhagen"]
[Date "2002.07.17"]
[Round "3"]
[White "Olsson, Tomas"]
[Black "Sylvan, Jacob"]
[Result "0-1"]
[WhiteElo "2109"]
[BlackElo "2259"]
[PlyCount "40"]
[EventDate "2002.07.15"]
[EventType "swiss"]
[EventRounds "11"]
[EventCountry "DEN"]
[SourceDate "2004.01.01"]

1. e4 c5 2. d4 cxd4 3. Nf3 d6 4. Nxd4 Nf6 5. Nc3 g6 6. Bc4 Bg7 7. h3 Nc6 8. Be3
O-O 9. Bb3 Bd7 10. O-O Rc8 11. f4 a6 12. Nf3 Qc7 13. Qe1 b5 14. a3 e5 15. Qh4
exf4 16. Bxf4 Be6 17. Bh6 Bxb3 18. cxb3 Qe7 19. Ng5 Nh5 20. Nd5 Qa7+ 0-1

[Event "24. Copenhagen Open  (Politiken Cup)"]
[Site "Copenhagen"]
[Date "2002.07.17"]
[Round "3"]
[White "Petersen, Nils"]
[Black "Henriksen, Geir Ivar"]
[Result "0-1"]
[WhiteElo "2035"]
[BlackElo "2209"]
[PlyCount "64"]
[EventDate "2002.07.15"]
[EventType "swiss"]
[EventRounds "11"]
[EventCountry "DEN"]
[SourceDate "2004.01.01"]

1. c4 Nf6 2. Nc3 c5 3. Nf3 Nc6 4. d4 cxd4 5. Nxd4 e6 6. e4 Bb4 7. Nxc6 bxc6 8.
Bd3 Qc7 9. O-O e5 10. Be3 O-O 11. a3 Be7 12. c5 d6 13. cxd6 Bxd6 14. f3 Qe7 15.
Bc4 Bc5 16. Qe2 Be6 17. Bxe6 Bxe3+ 18. Qxe3 Qxe6 19. Na4 Qc4 20. b3 Qb5 21.
Rac1 Rfd8 22. Rc4 Rd4 23. Rfc1 Rxc4 24. Rxc4 Rd8 25. Nc5 h6 26. Qc3 Rd1+ 27.
Kf2 Qb8 28. Ke2 Rg1 29. g3 Rg2+ 30. Kf1 Rxh2 31. Nd3 Qb6 32. Rxc6 Qe3 0-1

[Event "24. Copenhagen Open  (Politiken Cup)"]
[Site "Copenhagen"]
[Date "2002.07.17"]
[Round "3"]
[White "Rasmussen, Allan Stig"]
[Black "Henrichsen, Jens"]
[Result "1-0"]
[WhiteElo "2305"]
[BlackElo "2067"]
[PlyCount "65"]
[EventDate "2002.07.15"]
[EventType "swiss"]
[EventRounds "11"]
[EventCountry "DEN"]
[SourceDate "2004.01.01"]

1. e4 c5 2. d3 Nc6 3. f4 d6 4. c3 g6 5. Be2 Bg7 6. Be3 e6 7. Nd2 Nge7 8. Ngf3
O-O 9. O-O b6 10. d4 cxd4 11. cxd4 f5 12. e5 Nd5 13. Qb3 Nxe3 14. Qxe3 Nb4 15.
Qb3 Nd5 16. g3 dxe5 17. dxe5 b5 18. Qxb5 Bd7 19. Qc5 Qb8 20. Rfc1 Rc8 21. Qd4
Bf8 22. Nb3 a5 23. Rxc8 Qxc8 24. Rc1 Qb7 25. Nc5 Bxc5 26. Rxc5 Rb8 27. b3 a4
28. Nd2 axb3 29. Nxb3 Ra8 30. Rc2 Ra4 31. Qf2 Nb4 32. Nc5 Qd5 33. Bf3 {Time}
1-0

[Event "24. Copenhagen Open  (Politiken Cup)"]
[Site "Copenhagen"]
[Date "2002.07.17"]
[Round "3"]
[White "Rasmussen, Bent"]
[Black "Edvardsson, Hannu Kalervo"]
[Result "1-0"]
[WhiteElo "1658"]
[BlackElo "1300"]
[PlyCount "123"]
[EventDate "2002.07.15"]
[EventType "swiss"]
[EventRounds "11"]
[EventCountry "DEN"]
[SourceDate "2004.01.01"]

1. d4 d5 2. c4 e6 3. Nc3 c6 4. Nf3 Nf6 5. Bg5 Be7 6. e3 O-O 7. Bd3 Nbd7 8. O-O
b6 9. cxd5 cxd5 10. Rc1 Bb7 11. Qa4 a6 12. b4 b5 13. Qb3 Rc8 14. a4 Qb6 15.
axb5 axb5 16. Ne5 Rfe8 17. Bf4 Nxe5 18. Bxe5 Nd7 19. Bg3 Ba6 20. Ne2 Rxc1 21.
Rxc1 Rc8 22. Bb1 Rxc1+ 23. Nxc1 Qc6 24. Nd3 g6 25. Nc5 Nxc5 26. bxc5 f5 27. f3
Kf7 28. h3 Bf6 29. Qb4 Bd8 30. Kf2 Kg8 31. Ke2 Kf7 32. Bd3 Kg8 33. Be5 Kf7 34.
Qb1 Be7 35. g4 Bf6 36. Bxf6 Kxf6 37. gxf5 exf5 38. Qe1 h5 39. Qa5 Ke7 40. Kd2
Kd7 41. Ke2 Ke7 42. Qe1 Kf7 43. Qb1 Kg7 44. Qg1 Kf7 45. Kd2 Bb7 46. e4 fxe4 47.
fxe4 dxe4 48. Qf1+ Kg7 49. Bxb5 Qd5 50. Kc3 e3 51. Bc4 Qf5 52. Qxf5 gxf5 53. d5
h4 54. c6 Bc8 55. d6 Kf8 56. Kd4 f4 57. Ke4 Bxh3 58. Kxf4 e2 59. Bxe2 Bc8 60.
d7 Bxd7 61. cxd7 Ke7 62. Bg4 1-0